Представление документа в формате MARC21

ПолеНазваниеЗначение
  Тип записи a
  Библиографический уровень m
001 Контрольный номер BIBLIOCLUB\0000428854
005 Дата корректировки 20230117154105.4
006 m o d
007 Элементы данных для физической характеристики c|||||||||||||
008 Кодируемые данные s2013 rus o rus d
041 Код языка издания 0_
a Код языка текста rus
084 Индекс другой классификации/Индекс ББК __
a Индекс другой классификации/Индекс ББК 22.185я73
b Номер единицы LBC/PL
2 Источник индекса rubbk
084 Индекс другой классификации/Индекс ББК __
a Индекс другой классификации/Индекс ББК 22.192.23я73
b Номер единицы LBC/PL
2 Источник индекса rubbk
100 Автор 1_
a Автор Доррер Г. А.
245 Заглавие 10
a Заглавие Теория принятия решений
b Продолж. заглавия учебное пособие
c Ответственность Г. А. Доррер
c Ответственность Сибирский государственный технологический университет
260 Выходные данные __
a Место издания Красноярск
b Издательство Сибирский государственный технологический университет (СибГТУ)
c Дата издания 2013
300 Физическое описание __
a Объем 180 с.
b Иллюстрации/ тип воспроизводства ил., табл., схем.
504 Библиография __
a Библиография Библиогр. в кн
653 Ключевые слова 1_
a Ключевые слова Учебник для высшей школы
856 Электронный адрес документа 40
3 Область применения данных поля Университетская библиотека ONLINE
u URL https://biblioclub.ru/index.php?page=book&id=428854
952 Тип литературы __
c Вид литературы учебное пособие